000 00510nam a2200181Ia 4500
999 _c14413
_d14413
003 OSt
005 20201102112521.0
008 190216s9999||||xx |||||||||||||| ||und||
020 _a9788126138852
040 _coclc
082 _a823.914
_bGOL/L
100 _aGolding, William
_96190
245 0 _aLord Of The Flies /
_cWilliam Golding
260 _bAnmol Publications,
_aNew Delhi:
_c2009.
300 _a259p
650 _aEnglish
942 _cBK
_2ddc
_h823.914
_iGOL/L
_k823.914
_mGOL/L